Recorridos de cristología feminista /

Detalles Bibliográficos
Autores principales: Mariani, Milena (Autor), Navarro Puerto, Mercedes (Autor)
Otros Autores: Pikaza, Xabier, 1941- (Traductor)
Formato: Electrónico eBook
Lenguaje:español
italiano
Publicado: [Madrid] : Editorial Trotta, [2023]
Colección:Colección Estructuras y procesos. Serie Religión.
Materias:
Acceso en línea:Digitalia Hispánica

MARC

LEADER 00000nam a2200000 i 4500
001 DIGTRO0297
003 NyNyDIG
007 cr |||||||||||
008 240816t20232022sp ob 000 0 spa d
006 m o d
035 |a (OCoLC)1410591608 
040 |a DGITA  |b eng  |e rda  |e pn  |c DGITA 
020 |a 9788413642086  |q (edición digital e-pub) 
020 |z 9788413641935 
041 1 |a spa  |h ita 
050 1 4 |a BT205 ebook 
100 1 |a Mariani, Milena,  |e author. 
240 1 0 |a Percorsi di cristologia femminista.  |l Spanish  |s (Pikaza) 
245 1 0 |a Recorridos de cristología feminista /  |c Milena Mariani, Mercedes Navarro Puerto ; traducción parcial de Xabier Pikaza. 
264 1 |a [Madrid] :  |b Editorial Trotta,  |c [2023] 
264 4 |c ©2022 
300 |a 1 online resource. 
336 |a text  |b txt  |2 rdacontent 
337 |a computer  |b c  |2 rdamedia 
338 |a online resource  |b cr  |2 rdacarrier 
347 |a text file  |2 rdaft 
347 |b PDF 
347 |b EPUB 
490 1 |a Colección Estructuras y procesos. Serie Religión 
504 |a Includes bibliographical references. 
588 0 |a Online resource; title from ePub title page (Digitalia, viewed August 16, 2024) 
600 0 0 |a Jesus Christ  |x Person and offices. 
650 0 |a Feminist theology. 
630 0 0 |a Bible  |x Feminist criticism. 
700 1 |a Navarro Puerto, Mercedes,  |e author. 
700 1 |a Pikaza, Xabier,  |d 1941-  |e translator. 
700 1 |i Translation of:  |a Mariani, Milena.  |t Percorsi di cristologia femminista. 
791 2 |a Digitalia (Firm),  |e distributor. 
793 0 |g Digitalia eBook Collection:  |a Trotta Editorial 
776 0 8 |i Print version:  |a Mariani, Milena.  |s Percorsi di cristologia femminista. Spanish (Pikaza).  |t Recorridos de cristología feminista.  |d Madrid : Editorial Trotta, [2023]  |z 9788413641935 
830 0 |a Colección Estructuras y procesos.  |p Serie Religión. 
856 4 0 |3 Digitalia Hispánica  |u https://www.digitaliapublishing.com/a/131913/ 
910 |a Premium collection: 2024